Regulatory toxicology and pharmacology: official journal of the International Society for Regulatory Toxicology and Pharmacology
| Corporate Author: | |
|---|---|
| Format: | Electronic Journal |
| Language: | English |
| Published: |
Amsterdam [u.a.]
Elsevier
1981-
Orlando, Fla. Academic Press anfangs |
| In: | Year: 1981 |
| Online Access: |
Volltext (Frontdoor-Url) Volltext (Publisher) |
| Check availability: | HBZ Gateway |
| Subito Delivery Service: | Order now. |
| Volumes / Articles: | Show volumes/articles. |
| Keywords: |
MARC
| LEADER | 00000cas a2200000 c 4500 | ||
|---|---|---|---|
| 001 | 26812812X | ||
| 003 | DE-627 | ||
| 005 | 20251107170450.0 | ||
| 007 | cr ||||||||||| | ||
| 008 | 990430c19819999xxuz| p|o 0 |0eng c | ||
| 016 | 7 | |a 019648073 |2 DE-101 | |
| 016 | 7 | |a 1471700-1 |2 DE-600 | |
| 022 | |a 1096-0295 | ||
| 035 | |a (DE-627)26812812X | ||
| 035 | |a (DE-576)264423518 | ||
| 035 | |a (DE-599)ZDB1471700-1 | ||
| 035 | |a (OCoLC)985515780 | ||
| 040 | |a DE-627 |b ger |c DE-627 |e rakwb | ||
| 041 | |a eng | ||
| 044 | |c XD-US | ||
| 082 | 0 | 4 | |a 610 |q DE-600 |
| 084 | |a PHARM |q DE-84 |2 fid | ||
| 084 | |a 44.40 |2 bkl | ||
| 084 | |a 44.38 |2 bkl | ||
| 210 | 1 | 0 | |a Regul Toxicol Pharmacol |
| 245 | 0 | 0 | |a Regulatory toxicology and pharmacology |b official journal of the International Society for Regulatory Toxicology and Pharmacology |
| 264 | 3 | 1 | |a Amsterdam [u.a.] |b Elsevier |c 1981- |
| 264 | 2 | 1 | |a Orlando, Fla. |b Academic Press |c anfangs |
| 300 | |a Online-Ressource | ||
| 336 | |a Text |b txt |2 rdacontent | ||
| 337 | |a Computermedien |b c |2 rdamedia | ||
| 338 | |a Online-Ressource |b cr |2 rdacarrier | ||
| 362 | 0 | |a 1.1981 - | |
| 363 | 0 | 1 | |a 1 |i 1981 |
| 500 | |a Gesehen am 20.02.20 | ||
| 591 | |a HZV!URL-Änderung(04-02-03)355!URL-Ä(20-02-20) | ||
| 655 | 7 | |a Zeitschrift |0 (DE-588)4067488-5 |0 (DE-627)10454466X |0 (DE-576)20917000X |2 gnd-content | |
| 689 | 0 | 0 | |d s |0 (DE-588)4117281-4 |0 (DE-627)104798742 |0 (DE-576)209508620 |a Umweltchemikalie |2 gnd |
| 689 | 0 | 1 | |d s |0 (DE-588)4060540-1 |0 (DE-627)106139169 |0 (DE-576)209135689 |a Toxizitätstest |2 gnd |
| 689 | 0 | 2 | |d s |0 (DE-588)4067488-5 |0 (DE-627)10454466X |0 (DE-576)20917000X |a Zeitschrift |2 gnd |
| 689 | 0 | 3 | |d s |0 (DE-588)4511937-5 |0 (DE-627)248012134 |0 (DE-576)213199033 |a Online-Ressource |2 gnd |
| 689 | 0 | |5 DE-101 | |
| 689 | 1 | 0 | |d s |0 (DE-588)4131100-0 |0 (DE-627)104529016 |0 (DE-576)209624620 |a Umweltkrankheit |2 gnd |
| 689 | 1 | 1 | |d s |0 (DE-588)4136584-7 |0 (DE-627)104331119 |0 (DE-576)209670436 |a Gesundheitsvorsorge |2 gnd |
| 689 | 1 | 2 | |d s |0 (DE-588)4067488-5 |0 (DE-627)10454466X |0 (DE-576)20917000X |a Zeitschrift |2 gnd |
| 689 | 1 | 3 | |d s |0 (DE-588)4511937-5 |0 (DE-627)248012134 |0 (DE-576)213199033 |a Online-Ressource |2 gnd |
| 689 | 1 | |5 DE-101 | |
| 689 | 2 | 0 | |d s |0 (DE-588)4143182-0 |0 (DE-627)104704098 |0 (DE-576)209724293 |a Arzneimittelsicherheit |2 gnd |
| 689 | 2 | 1 | |d s |0 (DE-588)4127850-1 |0 (DE-627)104363851 |0 (DE-576)209597070 |a Gesundheitsschutz |2 gnd |
| 689 | 2 | 2 | |d s |0 (DE-588)4067488-5 |0 (DE-627)10454466X |0 (DE-576)20917000X |a Zeitschrift |2 gnd |
| 689 | 2 | 3 | |d s |0 (DE-588)4511937-5 |0 (DE-627)248012134 |0 (DE-576)213199033 |a Online-Ressource |2 gnd |
| 689 | 2 | |5 DE-101 | |
| 689 | 3 | 0 | |d s |0 (DE-588)4131100-0 |0 (DE-627)104529016 |0 (DE-576)209624620 |a Umweltkrankheit |2 gnd |
| 689 | 3 | 1 | |d s |0 (DE-588)4127850-1 |0 (DE-627)104363851 |0 (DE-576)209597070 |a Gesundheitsschutz |2 gnd |
| 689 | 3 | 2 | |d s |0 (DE-588)4067488-5 |0 (DE-627)10454466X |0 (DE-576)20917000X |a Zeitschrift |2 gnd |
| 689 | 3 | 3 | |d s |0 (DE-588)4511937-5 |0 (DE-627)248012134 |0 (DE-576)213199033 |a Online-Ressource |2 gnd |
| 689 | 3 | |5 DE-101 | |
| 689 | 4 | 0 | |d s |0 (DE-588)4117281-4 |0 (DE-627)104798742 |0 (DE-576)209508620 |a Umweltchemikalie |2 gnd |
| 689 | 4 | 1 | |d s |0 (DE-588)4060540-1 |0 (DE-627)106139169 |0 (DE-576)209135689 |a Toxizitätstest |2 gnd |
| 689 | 4 | 2 | |d s |0 (DE-588)4067488-5 |0 (DE-627)10454466X |0 (DE-576)20917000X |a Zeitschrift |2 gnd |
| 689 | 4 | |5 DE-101 | |
| 710 | 2 | |a International Society of Regulatory Toxicology and Pharmacology |e Herausgebendes Organ |0 (DE-588)10008565-9 |0 (DE-627)319433668 |0 (DE-576)198189133 |4 isb | |
| 776 | 1 | |x 0273-2300 | |
| 856 | 4 | 0 | |u https://ezb.ur.de/?1471700-1 |x Frontdoor-Url |7 1 |
| 856 | 4 | 0 | |u https://www.sciencedirect.com/journal/regulatory-toxicology-and-pharmacology |x Verlag |7 1 |
| 912 | |a ZDB-1-SDJ | ||
| 912 | |a ZDB-296-DEAL1 | ||
| 912 | |a ZDB-296-DEAL2 | ||
| 912 | |a ZDB-296-DEAL4 | ||
| 936 | b | k | |a 44.40 |j Pharmazie |j Pharmazeutika |0 (DE-627)106423304 |
| 936 | b | k | |a 44.38 |j Pharmakologie |0 (DE-627)106409743 |
| 938 | 1 | 0 | |0 (DE-627)1756196389 |0 (DE-615)6602146 |a Zeitschrift |2 fivt |
| 938 | 1 | 0 | |0 (DE-627)1756213933 |0 (DE-615)6610302 |a Gesundheitsvorsorge |2 fivt |
| 951 | |a JT | ||
| ELC | |a 1 | ||
| LOK | |0 000 xxxxxcy a22 3n 4500 | ||
| LOK | |0 001 2805937910 | ||
| LOK | |0 003 DE-627 | ||
| LOK | |0 004 26812812X | ||
| LOK | |0 005 20251211091426 | ||
| LOK | |0 007 ccruuuuuuuuuuuu | ||
| LOK | |0 008 140705||||||||||||||||ger||||||| | ||
| LOK | |0 035 |a (DE-600)294013539 | ||
| LOK | |0 040 |a DE-21 |c DE-627 |d DE-21 | ||
| LOK | |0 092 |o k |p n |p p | ||
| LOK | |0 093 |e Volltext online u. Druckausg. |f Nationallizenz |g Kostenpflichtig | ||
| LOK | |0 852 |a DE-21 | ||
| LOK | |0 852 1 |9 00 | ||
| LOK | |0 85640 |u https://ezb.ur.de/detail.phtml?bibid=UBTUE&jour_id=1212 |x EZB | ||
| LOK | |0 85900 |8 1.1 |a 1 |i 1981 | ||
| LOK | |0 85910 |8 1.2 |a 36 |i 2002 | ||
| LOK | |0 866 |x Nationallizenz | ||
| LOK | |0 86630 |a 1.1981 - 36.2002 | ||
| LOK | |0 912 |a natli_elsevier | ||
| LOK | |0 935 |a cofz |a zezb | ||
| LOK | |0 938 |l Volltext online u. Druckausg. |8 0 | ||
| LOK | |0 938 |l Nationallizenz |8 1 | ||
| LOK | |0 938 |l Kostenpflichtig |8 2 | ||
| LOK | |0 939 |a 30-10-18 |b zez | ||
| LOK | |0 000 xxxxxcy a22 3n 4500 | ||
| LOK | |0 001 3007687519 | ||
| LOK | |0 003 DE-627 | ||
| LOK | |0 004 26812812X | ||
| LOK | |0 005 20250210182514 | ||
| LOK | |0 007 ccruuuuuuuuuuuu | ||
| LOK | |0 008 180501||||||||||||||||ger||||||| | ||
| LOK | |0 035 |a (DE-600)445405368 | ||
| LOK | |0 040 |a DE-21 |c DE-627 |d DE-21 | ||
| LOK | |0 092 |o k |p n | ||
| LOK | |0 093 |e Volltext online u. Druckausg. |f Konsortiallizenz |g Kostenpflichtig | ||
| LOK | |0 852 |z Bestellungen nur von nicht-kommerziellen Bibliotheken | ||
| LOK | |0 852 |a DE-21 | ||
| LOK | |0 852 1 |9 00 | ||
| LOK | |0 85640 |u https://ezb.ur.de/detail.phtml?bibid=UBTUE&jour_id=1212 |x EZB | ||
| LOK | |0 85900 |8 1.1 |a 71 |i 2015 | ||
| LOK | |0 85910 |8 1.2 |a 91 |i 2017 | ||
| LOK | |0 866 |x Elsevier Archivkollektion Landeslizenz BaWü | ||
| LOK | |0 86630 |a 71.2015,1 - 91.2017 | ||
| LOK | |0 912 |a elsevierarchiv_lbw | ||
| LOK | |0 935 |a cofz |a zezb | ||
| LOK | |0 938 |l Volltext online u. Druckausg. |8 0 | ||
| LOK | |0 938 |l Konsortiallizenz |8 1 | ||
| LOK | |0 938 |l Kostenpflichtig |8 2 | ||
| LOK | |0 939 |a 30-10-18 |b zez | ||
| LOK | |0 000 xxxxxcy a22 3n 4500 | ||
| LOK | |0 001 4524336141 | ||
| LOK | |0 003 DE-627 | ||
| LOK | |0 004 26812812X | ||
| LOK | |0 005 20241227094408 | ||
| LOK | |0 007 ccruuuuuuuuuuuu | ||
| LOK | |0 008 240516||||||||||||||||ger||||||| | ||
| LOK | |0 035 |a (DE-600)1085696049 | ||
| LOK | |0 040 |a DE-21 |c DE-627 |d DE-21 | ||
| LOK | |0 092 |o e |p n | ||
| LOK | |0 093 |e Volltext online u. Druckausg. |f Konsortiallizenz |g Kostenpflichtig | ||
| LOK | |0 852 |a DE-21 | ||
| LOK | |0 852 1 |9 00 | ||
| LOK | |0 85640 |u https://ezb.ur.de/detail.phtml?bibid=UBTUE&jour_id=1212 |x EZB | ||
| LOK | |0 85901 |8 1.1 |a 137 |i 2023 | ||
| LOK | |0 866 |x Elsevier DEAL Core Hybrid | ||
| LOK | |0 86630 |a 137.2023 - | ||
| LOK | |0 912 |a deal_elsevier_core | ||
| LOK | |0 935 |a cofz |a zezb | ||
| LOK | |0 938 |l Volltext online u. Druckausg. |8 0 | ||
| LOK | |0 938 |l Konsortiallizenz |8 1 | ||
| LOK | |0 938 |l Kostenpflichtig |8 2 | ||
| LOK | |0 939 |a 26-03-24 |b zez | ||
| LOK | |0 000 xxxxxcy a22 3n 4500 | ||
| LOK | |0 001 4558686560 | ||
| LOK | |0 003 DE-627 | ||
| LOK | |0 004 26812812X | ||
| LOK | |0 005 20241227084050 | ||
| LOK | |0 007 ccruuuuuuuuuuuu | ||
| LOK | |0 008 240727||||||||||||||||ger||||||| | ||
| LOK | |0 035 |a (DE-600)1114785490 | ||
| LOK | |0 040 |a DE-21 |c DE-627 |d DE-21 | ||
| LOK | |0 092 |o e |p n | ||
| LOK | |0 093 |e Volltext online u. Druckausg. |f Konsortiallizenz |g Kostenpflichtig | ||
| LOK | |0 852 |a DE-21 | ||
| LOK | |0 852 1 |9 00 | ||
| LOK | |0 85640 |u https://ezb.ur.de/detail.phtml?bibid=UBTUE&jour_id=1212 |x EZB | ||
| LOK | |0 85900 |8 1.1 |a 21 |i 1995 | ||
| LOK | |0 85910 |8 1.2 |a 136 |i 2022 | ||
| LOK | |0 866 |x Elsevier DEAL Freedom Collection | ||
| LOK | |0 86630 |a 21.1995 - 136.2022 | ||
| LOK | |0 912 |a deal_elsevier_frc | ||
| LOK | |0 935 |a cofz |a zezb | ||
| LOK | |0 938 |l Volltext online u. Druckausg. |8 0 | ||
| LOK | |0 938 |l Konsortiallizenz |8 1 | ||
| LOK | |0 938 |l Kostenpflichtig |8 2 | ||
| LOK | |0 939 |a 06-03-24 |b zez | ||
| ORI | |a SA-MARC-krimdokb001.raw | ||
| SPR | |a 1 |t KRI | ||
